| 000 | 00584nam a22001937a 4500 | ||
|---|---|---|---|
| 082 | _aP-857 | ||
| 100 |
_aMannan, Abdul _935988 |
||
| 245 | _aAn Experimental Study on Flexural Properties of Recyceled Aggregate Concrete | ||
| 260 |
_aRisalpur, _bMCE, _c2020. |
||
| 300 |
_a62 pages.; _c30 cm. |
||
| 526 |
_a0 _b0 _c0 _dP_857 |
||
| 650 |
_aStructure _bSyn -20 _935989 |
||
| 700 |
_aHafiz Naeem Abid _935992 |
||
| 700 |
_aHassan Hafiz _935991 |
||
| 700 |
_aMuhammad Zeeshan _915696 |
||
| 700 |
_aSalar Khalid _935993 |
||
| 700 |
_aSupervisor Abdul Basit _935990 |
||
| 942 |
_2ddc _cBK |
||
| 999 |
_c554404 _d554404 |
||